000 00473nam a22001337a 4500
040 _cNUST
082 _a220 PRO
100 _aMaryum Syed Muhammad Mutahhar Chishti Paashmah Afzaal Qureshi
_9130938
110 _aSUPERVISOR Asst Prof Sobia Hayee Asst Prof Dr. Usman Ali
_9130939
245 _aPR-SOF-2562-ACCELERATION OF THE DISTILBERT TRANSFORMER MODEL ON AN FPGA
260 _aISLAMABAD:
_bNUST COLLEGE OF EME,
_c2025.
650 _aDE-ELECT-43
_9130873
942 _2ddc
_cPR
999 _c615065
_d615065